000
00202 a2200097 4500
001
9376
100
_a
Ghirardi, A A
245
_a
Radio physics course.
260
_a
_b
Rinehart
_c
090
_c
7537
_d
7537
942
_a
NUST-CAE
_c
M
_c
34197
999
_c
244449
_d
244449